000 00782nam a2200229Ii 4500
003 JO-AjNU
008 230605s9999||||xx |||||||||||||| ||und||
017 _a1981/1977
020 _a977-256-444-0
040 _aJO-AjNU
_bara
_erda
_cJO-AjNU
041 _aara
050 1 4 _aKRM4610.S9722 1981
100 3 _aتاليف سرور، أحمد فتحي,
_eauthor
_946544
245 0 0 _aالوسيط في قانون الإجراءات الجنائية، مج1، ج1+2
250 _aط4
264 3 1 _aالقاهرة: د.ن، 1981
300 _aمج1، ج1+2 ،1342ص
336 _atext
_btxt
_2rdacontent
337 _aunmediated
_bn
_2rdamedia
338 _avolume
_bnc
_2rdacarrier
650 4 _aالقانون الجنائي - قانون الاجراءات الجنائية
_946545
999 _aA20257
_c23825
_d23825